জ্যোতির্বিজ্ঞান কি ও কেন? / (Record no. 13037)
[ view plain ]
| 000 -LEADER | |
|---|---|
| fixed length control field | 00806nam a2200253 a 4500 |
| 001 - CONTROL NUMBER | |
| JCCL Control Number | 13037 |
| 003 - CONTROL NUMBER IDENTIFIER | |
| JCCL marc code | BD-JhCC |
| 005 - DATE AND TIME OF LATEST TRANSACTION | |
| control field | 20230614111115.0 |
| 008 - FIXED-LENGTH DATA ELEMENTS--GENERAL INFORMATION | |
| fixed length control field | 230614s 2019bg |||| ||a| 000 0 ben d |
| 020 ## - INTERNATIONAL STANDARD BOOK NUMBER | |
| International Standard Book Number | 9789849313151 |
| 035 ## - SYSTEM CONTROL NUMBER | |
| system control number | (BD-JhCC)13037 |
| 040 ## - CATALOGING SOURCE | |
| Original cataloging agency | BD-JhCC |
| Modifying agency | BD-JhCC |
| 041 ## - LANGUAGE CODE | |
| Language code of Book | ben |
| 082 ## - DEWEY DECIMAL CLASSIFICATION NUMBER | |
| Classification number | 133.5 |
| Author mark and Year | SHA 2019 |
| 100 ## - MAIN ENTRY--PERSONAL NAME | |
| Personal name | সাহা, সৌমেন |
| 245 ## - TITLE STATEMENT | |
| Title | জ্যোতির্বিজ্ঞান কি ও কেন? / |
| Statement of responsibility, etc | সৌমেন সাহা । |
| 260 ## - PUBLICATION, DISTRIBUTION, ETC. (IMPRINT) | |
| Place of publication, distribution, etc | ঢাকা: |
| Name of publisher, distributor, etc | অন্যথারা, |
| Date of publication, distribution, etc | ২০১৯. |
| 300 ## - PHYSICAL DESCRIPTION | |
| Pagination | ২০৪ পৃ. : |
| Dimensions | ২২ সেমি. |
| 504 ## - BIBLIOGRAPHY, ETC. NOTE | |
| Bibliography, etc | গ্রন্থপঞ্জি সংযোজিত। |
| 650 ## - SUBJECT ADDED ENTRY--TOPICAL TERM | |
| Topical term or geographic name as entry element | Astrology |
| 650 ## - SUBJECT ADDED ENTRY--TOPICAL TERM | |
| Topical term or geographic name as entry element | Engineering |
| 942 ## - ADDED ENTRY ELEMENTS (KOHA) | |
| Source of classification or shelving scheme | Dewey Decimal Classification |
| Koha item type | Books |
| Koha issues (borrowed), all copies | 8 |
| Source of classification or shelving scheme | Damaged status | Not for loan | Home library | Current library | Shelving location | Date of accession | Source of acquisition | Cost, normal purchase price | Total Checkouts | Full call number | Barcode | Date last seen | Date checked out | Copy number | Method of acquisition | Koha item type | Currency |
|---|---|---|---|---|---|---|---|---|---|---|---|---|---|---|---|---|---|
| Dewey Decimal Classification | JCC Rouf Library | JCC Rouf Library | General Stacks | 06/14/2023 | জাতীয় গ্রন্থকেন্দ্র | 350.00 | 2 | 133.5 SHA 2019 | 17852 | 03/10/2024 | 02/18/2024 | C-1 | Gift/Donation | Books | BDT |